UBT Library

Advanced organic chemistry / (Record no. 44557)

000 -LEADER
fixed length control field 00974cam a2200265 a 4500
001 - CONTROL NUMBER
control field 11922309
005 - DATE AND TIME OF LATEST TRANSACTION
control field 20180309042818.0
008 - FIXED-LENGTH DATA ELEMENTS--GENERAL INFORMATION
fixed length control field 000225m20002001nyua b 001 0 eng
010 ## - LIBRARY OF CONGRESS CONTROL NUMBER
LC control number 00027456
Canceled/invalid LC control number 00059652
020 ## - INTERNATIONAL STANDARD BOOK NUMBER
International Standard Book Number 0306462427 (hardbound : pt. A)
020 ## - INTERNATIONAL STANDARD BOOK NUMBER
International Standard Book Number 0306462435 (pbk. : pt. A)
020 ## - INTERNATIONAL STANDARD BOOK NUMBER
International Standard Book Number 0306462443 (hardbound : pt. B)
020 ## - INTERNATIONAL STANDARD BOOK NUMBER
International Standard Book Number 0306462451 (pbk. : pt. B)
040 ## - CATALOGING SOURCE
Original cataloging agency DLC
Transcribing agency DLC
Modifying agency DLC
041 ## - LANGUAGE CODE
Language code of text/sound track or separate title eng
080 ## - UNIVERSAL DECIMAL CLASSIFICATION NUMBER
Universal Decimal Classification number 547
082 00 - DEWEY DECIMAL CLASSIFICATION NUMBER
Classification number 547 CAR
Edition number 21
100 1# - Rafti
Rafti 12
101 ## - Shkurtesa
Shkurtesa KIM
245 10 - TITLE STATEMENT
Title Advanced organic chemistry /
Statement of responsibility, etc Frank A. Carey and Richard J. Sundberg.
504 ## - BIBLIOGRAPHY, ETC. NOTE
Bibliography, etc Includes bibliographical references and indexes.
906 ## - LOCAL DATA ELEMENT F, LDF (RLIN)
a 7
b cbc
c orignew
d 1
e ocip
f 20
g y-gencatlg
942 ## - ADDED ENTRY ELEMENTS (KOHA)
Source of classification or shelving scheme
Item type Books
Holdings
Withdrawn status Lost status Source of classification or shelving scheme Damaged status Not for loan Collection code Permanent location Current location Shelving location Date acquired Total Checkouts Full call number Barcode Date last seen Price effective from Koha item type
          Koleksioni i përgjithshem UBT - Lipjan UBT - Lipjan Koleksioni i përgjithshem 03/09/2018   547 CAR 002-3001500 03/09/2018 03/09/2018 Books
UBT Library © 2015-2024. All rights reserved University Education for Business and Technology